Extrinsic foot muscles - Statistics

General Stats
  • This quiz has been taken 23 times
  • The average score is 10 of 12
Answer Stats
Hint Answer % Correct
Dorsiflexion , eversion , MT & IPJ extension Extensor digitorum longus
100%
Dorsiflexion , MT & IPJ extension Extensor hallucis longus
100%
Plantarflexion Soleus
100%
Dorsiflexion , inversion Tibialis anterior
100%
Plantarflexion , inversion Tibialis posterior
100%
Plantarflexion , inversion , MT & IPJ flexion Flexor digitorum longus
83%
Plantarflexion , inversion , MT & IPJ flexion Flexor hallucis longus
83%
Plantarflexion , knee flexion Gastrocnemius
67%
Plantarflexion , weak knee flexion Plantaris
67%
Plantarflexion , eversion Peroneus brevis
50%
Plantarflexion , eversion Peroneus longus
50%
Dorsiflexion , eversion Peroneus tertius
50%
No matching quizzes found
Score Distribution
Percent of People with Each Score
Percentile by Number Answered
Your Score History
You have not taken this quiz